Video Games- Sega, Nintendo, Sony or Microsoft - Statistics

General Stats
  • This quiz has been taken 82 times
    29 since last reset
  • The average score is 18 of 25
Answer Stats
Question Answer % Correct
Pokemon Nintendo
100%
Sonic Sega
100%
Kirby Nintendo
96%
Animal Crossing Nintendo
96%
Mario Nintendo
96%
Splatoon Nintendo
89%
Metroid Nintendo
89%
Doom Microsoft
81%
World of Warcraft (WoW) Microsoft
81%
Rachet and Clank Sony
81%
The Last of Us Sony
81%
Uncharted Sony
78%
Gran Turismo Sony
78%
Little Big Planet Sony
74%
Overwatch Microsoft
67%
Sea of Thieves Microsoft
63%
Diablo Microsoft
63%
Demon's Soul Sony
63%
Yakuza Sega
59%
Horizon Sony
59%
Total War Sega
52%
State of Decay Microsoft
48%
Alien Isolation Sega
41%
Humankind Sega
30%
Gears of War Sega
0%
No matching quizzes found
Score Distribution
Percent of People with Each Score
Percentile by Number Answered
Your Score History
You have not taken this quiz since the last reset